A TEXT BOOK OF PLANT BREEDING (Record no. 8194)

MARC details
000 -LEADER
fixed length control field 00445nam a22001817a 4500
005 - DATE AND TIME OF LATEST TRANSACTION
control field 20230128114446.0
008 - FIXED-LENGTH DATA ELEMENTS--GENERAL INFORMATION
fixed length control field 230124b |||||||| |||| 00| 0 eng d
020 ## - INTERNATIONAL STANDARD BOOK NUMBER
ISBN 978-9393168-28-3
041 ## - LANGUAGE CODE
Language code of text/sound track or separate title eng
082 ## - DEWEY DECIMAL CLASSIFICATION NUMBER
Classification number 631.52 SIN-P
100 ## - MAIN ENTRY--AUTHOR NAME
Personal name SINGH ,B.D.
245 ## - TITLE STATEMENT
Title A TEXT BOOK OF PLANT BREEDING
250 ## - EDITION STATEMENT
Edition statement 5th ed.
260 ## - PUBLICATION, DISTRIBUTION, ETC. (IMPRINT)
Name of publisher MIDTECH SCIENCE PRESS
Year of publication 2023
300 ## - PHYSICAL DESCRIPTION
Number of Pages 589;P.
650 ## - SUBJECT ADDED ENTRY--TOPICAL TERM
Topical Term AGRICULTURE
942 ## - ADDED ENTRY ELEMENTS (KOHA)
Koha item type Books
Holdings
Lost status Damaged status Collection code Home library Current library Shelving location Date acquired Source of acquisition Cost, normal purchase price Full call number Accession Number Koha item type
    AGRICULTURE JRU Library JRU Library SHELF-46-D 24/01/2023 LOHIA BOOK INTERNATIONAL 595.00 631.52 SIN-P 27286 Books
    AGRICULTURE JRU Library JRU Library SHELF-46-D 24/01/2023 LOHIA BOOK INTERNATIONAL 595.00 631.52 SIN-P 27287 Books
    AGRICULTURE JRU Library JRU Library SHELF-46-D 24/01/2023 LOHIA BOOK INTERNATIONAL 595.00 631.52 SIN-P 27288 Books
    AGRICULTURE JRU Library JRU Library SHELF-46-D 24/01/2023 LOHIA BOOK INTERNATIONAL 595.00 631.52 SIN-P 27289 Books
    AGRICULTURE JRU Library JRU Library SHELF-46-D 24/01/2023 LOHIA BOOK INTERNATIONAL 595.00 631.52 SIN-P 27290 Books